000 01066nam a2200289 a 4500
001 62660
003 BD-RjUL
005 20211209081117.0
008 170125s1966 enkabcf b 000 0 eng d
035 _a(BD-RjUL)62786
040 _aDLC
_cDLC
_dOCoLC
_dDLC
_dBD-RjUL
_beng
041 _aeng
082 _223
_a813
_bKEI 1966
100 1 _aKeyes, Frances Parkinson,
_d1885-1970.
_9186295
245 1 0 _aI, the King /
_c[by] Frances Parkinson Keyes.
260 _aLondon :
_bEyre & Spottiswoode,
_c1966.
300 _a[12], 404 p. :
_bill. ;
_c21 cm.
504 _aBibliography: p. 401-[404]
600 0 0 _aPhilip
_cKing of Spain,
_d1605-1665
_xFiction.
_9186305
600 0 0 _aMaria de Jesùs de Agreda,
_csor,
_d1602-1665
_xFiction.
_9186306
600 0 0 _aElizabeth,
_cof France, Queen, consort of Philip IV, King of Spain,
_d1602-1644
_xFiction.
_9186307
650 0 _aQueens
_zSpain
_xFiction.
_9186299
651 0 _aSpain
_xKings and rulers
_xFiction.
_9186300
655 7 _aBiographical fiction.
_2gsafd
_9186308
942 _2ddc
_cBK
999 _c62660
_d62660